| 000 | 00909cam a22002654a 4500 | ||
|---|---|---|---|
| 005 | 20240710095703.0 | ||
| 008 | 020426s2002 nyua 001 0 eng | ||
| 010 | _a 2002006570 | ||
| 020 | _a0471204757 (PAPER/WEBSITE : alk. paper) | ||
| 040 |
_aDLC _cDLC _dDLC |
||
| 042 | _apcc | ||
| 082 | 0 | 0 |
_a658.84 _221 _bCHI-E |
| 100 | 1 |
_aChiu, Eric, _d1970- |
|
| 245 | 1 | 0 |
_aEbXML simplified : _ba guide to the new standard for global e-commerce / _cEric Chiu. |
| 260 |
_aNew York : _bJohn Wiley, _cc2002. |
||
| 300 |
_axix, 267 p. : _bill. ; _c24 cm. |
||
| 500 | _aIncludes index. | ||
| 650 | 0 | _aElectronic commerce. | |
| 650 | 0 | _aXML (Document markup language) | |
| 650 | 0 |
_aWeb sites _xDesign. |
|
| 650 | 0 | _aInternet programming. | |
| 906 |
_a7 _bcbc _corignew _d1 _eecip _f20 _gy-gencatlg |
||
| 999 |
_c25996 _d25996 |
||